Toán 7 T.1

Saved in:
Bibliographic Details
Main Author: Phan, Đức Chính
Other Authors: Tôn, Thân
Format: Book
Language:Undetermined
Published: H. Giáo dục 2008
Subjects:
Online Access:http://lrc.tdmu.edu.vn/opac/search/detail.asp?aID=2&ID=4890
Tags: Add Tag
No Tags, Be the first to tag this record!
Institutions: Trung tâm Học liệu Trường Đại học Thủ Dầu Một
LEADER 00630nam a2200217Ia 4500
001 TDMU_4890
008 210410s9999 xx 000 0 und d
082 |a 510.71 
090 |b PH105 
100 |a Phan, Đức Chính 
245 0 |a Toán 7 
245 0 |c Phan Đức Chính 
245 0 |n T.1 
260 |a H. 
260 |b Giáo dục 
260 |c 2008 
300 |a 144tr 
650 |a Sách lớp 7  |v Bài tập; Toán  |x Dạy và học 
700 |a Tôn, Thân 
856 |u http://lrc.tdmu.edu.vn/opac/search/detail.asp?aID=2&ID=4890 
980 |a Trung tâm Học liệu Trường Đại học Thủ Dầu Một